[Event "12th World Uni Men"]
[Site "Guimaraes POR"]
[Date "2012.08.25"]
[Round "9.3"]
[White "Botta,Ga"]
[Black "Tomczak,J"]
[Result "1/2-1/2"]
[WhiteElo "2322"]
[BlackElo "2560"]

1.e4 g6 2.d4 Bg7 3.Nc3 d5 4.exd5 Nf6 5.Bb5+ Nbd7 6.Nf3 O-O 7.O-O Nb6 8.Be2 Nbxd5
9.Nxd5 Nxd5 10.c4 Nb6 11.Be3 Bg4 12.Rc1 c6 13.Qb3 Qc7 14.h3 Bf5 15.Rfd1 Rad8
16.Qa3 Rfe8 17.b4 Nc8 18.Qb3 Nb6 19.Qa3 Nc8 20.Qb3 Nb6 21.Qa3  1/2-1/2

[Event "4th Pilsen Open 2012"]
[Site "Plzen CZE"]
[Date "2012.08.25"]
[Round "9.20"]
[White "Kalista,K"]
[Black "Heidebreck,R"]
[Result "1-0"]
[WhiteElo "1891"]
[BlackElo "1761"]

1.e4 g6 2.d4 Bg7 3.Nc3 c5 4.d5 d6 5.Nf3 Nf6 6.Be2 O-O 7.O-O Nbd7 8.Bf4 b6
9.Qd2 Bb7 10.Rad1 a6 11.a4 Re8 12.e5 Nh5 13.exd6 Nxf4 14.Qxf4 exd6 15.Rfe1 Nf6
16.Bc4 Qd7 17.h3 Rad8 18.b3 Nh5 19.Qd2 Bxc3 20.Qxc3 b5 21.axb5 axb5 22.Bf1 b4
23.Qd2 Kg7 24.g3 Nf6 25.c4 Ne4 26.Qf4 Nc3 27.Rc1 Bc8 28.g4 h6 29.Bd3 Qc7
30.Kg2 Bd7 31.g5 hxg5 32.Nxg5 Bc8 33.Nf3 Rh8 34.h4 Qd7 35.Qg3 Qg4 36.Re7 Qxg3+
37.fxg3 Rhf8 38.Ra1 Rfe8 39.Raa7 Rxe7 40.Rxe7 Kf8 41.Ra7 Rd7 42.Ra8 Rd8 43.Kf2 Ke8
44.Ng5 Ke7 45.Ra7+ Rd7 46.Ra8 Rd8 47.Ne4 Bf5 48.Ra7+ Rd7 49.Rxd7+ Kxd7 50.Nf6+ Ke7
51.Ng8+ Kf8 52.Bxf5 Kxg8 53.Bc2 Kg7 54.Ke3 Kf6 55.g4 Ke5 56.h5 gxh5 57.gxh5 f5
58.h6 Kf6 59.h7 Kg7 60.Bxf5 Kh8 61.Kf4 Ne2+ 62.Kg5 Nd4 63.Kf6 Nxb3 64.Ke7 Nd2
65.Bd3 b3 66.Kxd6 b2 67.Kxc5 b1=Q 68.Bxb1 Nxb1 69.d6  1-0

[Event "40th Olympiad Open"]
[Site "Istanbul TUR"]
[Date "2012.08.29"]
[Round "2.56"]
[White "Amdouni,Z"]
[Black "Marko,H"]
[Result "1-0"]
[WhiteElo "2305"]
[BlackElo "2014"]

1.e4 g6 2.d4 Bg7 3.Nc3 c5 4.Nf3 cxd4 5.Nxd4 Nc6 6.Be3 Nf6 7.Bc4 d6 8.f3 Qb6
9.Ncb5 Qa5+ 10.c3 a6 11.Nb3 Qd8 12.N5d4 Qc7 13.Nxc6 bxc6 14.Qd2 c5 15.Bh6 O-O
16.Bxg7 Kxg7 17.O-O-O a5 18.Qe2 Rb8 19.Nd2 Qb7 20.Nf1 Nd7 21.Ne3 Nb6 22.Bd5 Qc7
23.h4 e6 24.Bb3 Bd7 25.Qd2 c4 26.Bc2 Qc5 27.Ng4 f5 28.Qh6+ Kg8 29.h5 Be8
30.exf5 exf5 31.Rde1 Qc7 32.hxg6 Bxg6 33.Qg5 Qg7 34.Re7 Rf7 35.Nh6+ Kf8 36.Nxf7 Bxf7
37.Qxg7+ Kxg7 38.Bxf5 Kf6 39.Ra7 Bg6 40.Bxg6 hxg6 41.Rxa5  1-0

[Event "40th Olympiad Women"]
[Site "Istanbul TUR"]
[Date "2012.08.30"]
[Round "3.25"]
[White "Blagojevic,Tijana"]
[Black "Munoz,Doribel"]
[Result "1-0"]
[WhiteElo "2004"]
[BlackElo "1933"]

1.e4 g6 2.d4 Bg7 3.Nc3 c5 4.Be3 cxd4 5.Bxd4 e5 6.Bc5 Na6 7.Ba3 Ne7 8.Qd6 Nc7
9.Bc4 Nc6 10.Qd2 Nd4 11.Nge2 b5 12.Nxd4 bxc4 13.Ndb5 Bf8 14.Bxf8 Nxb5 15.Nxb5 Kxf8
16.Qd5 a6 17.Nd6  1-0

[Event "11th Istanbul Open A"]
[Site "Istanbul TUR"]
[Date "2012.09.03"]
[Round "4"]
[White "Seyhanoglu,D"]
[Black "Semiev,S"]
[Result "1/2-1/2"]
[WhiteElo "2072"]
[BlackElo "2362"]

1.e4 g6 2.d4 Bg7 3.Nc3 c5 4.Nge2 cxd4 5.Nxd4 Nc6 6.Nde2 d6 7.g3 Nf6 8.Bg2 Bd7
9.O-O Qc8 10.Nd5 Nxd5 11.exd5 Ne5 12.a4 Bh3 13.Ra2 h5 14.f4 Qc5+ 15.Kh1 Bxg2+
16.Kxg2 Ng4 17.Qd3 h4 18.Qb5+ Qxb5 19.axb5 hxg3 20.h3 Nf6 21.c4 Ne4 22.Nxg3 Nxg3
23.Kxg3 Bd4  1/2-1/2

[Event "9th LGA Premium Cup"]
[Site "Nuernberg GER"]
[Date "2012.09.06"]
[Round "1.25"]
[White "Konsek,P"]
[Black "Paehtz,T sr"]
[Result "0-1"]
[WhiteElo "2075"]
[BlackElo "2430"]

1.e4 g6 2.d4 Bg7 3.Nc3 a6 4.a4 d6 5.h3 Nf6 6.Nf3 O-O 7.Be3 Nc6 8.e5 Ne8 9.exd6 Nxd6
10.d5 Nb4 11.a5 Bf5 12.Bd3 Bxd3 13.cxd3 Nf5 14.Qb3 Nxe3 15.fxe3 Nxd3+ 16.Ke2 Ne5
17.Ra4 Rb8 18.Rd1 Nxf3 19.gxf3 b6 20.Qa3 Qd7 21.axb6 Rxb6 22.Rg4 h5 23.Rg3 Qd6
24.Qxd6 Rxb2+ 25.Rd2 Rxd2+ 26.Kxd2 cxd6 27.Rg1 Rb8  0-1

[Event "9th LGA Premium Cup"]
[Site "Nuernberg GER"]
[Date "2012.09.06"]
[Round "1.7"]
[White "Hector,J"]
[Black "Miller,Ed"]
[Result "1-0"]
[WhiteElo "2537"]
[BlackElo "2147"]

1.e4 g6 2.d4 Bg7 3.Nc3 c5 4.dxc5 Bxc3+ 5.bxc3 Nc6 6.Be3 Qa5 7.Bd3 Qxc3+ 8.Kf1 Nf6
9.Rb1 b6 10.Ne2 Qe5 11.cxb6 axb6 12.Rb5 Qe6 13.Nc3 O-O 14.Rxb6 Qe5 15.Bd2 Qd4
16.Rb3 Ba6 17.Be3 Qd6 18.Qe2 Ne5 19.Bxa6 Qxa6 20.Qxa6 Rxa6 21.Ke2 Rc8 22.Rhb1 Kg7
23.f3 d6 24.Bd2 Nfd7 25.Kd1 e6 26.a4 Nc5 27.Rb6 Rc6 28.Rxc6 Nxc6 29.Nb5 Ne5
30.a5 Nc4 31.Bc3+ Kf8 32.Ke2 Ke7 33.Nd4 Kd7 34.Nb3 Kc6 35.Ra1 e5 36.Nc1 Nb7
37.Nd3 Kd7 38.Ra4 Ncxa5 39.Ra1 Ra7 40.Rb1 Nc6 41.Rb5 f6 42.Rb1 Nbd8 43.Nb2 Ne6
44.Nc4 Ncd4+ 45.Kd2 Ra2 46.Bb2 Kc6 47.Ne3 f5 48.Nd5 Ra7 49.Bc3 fxe4 50.fxe4 Rb7
51.Nb4+ Kd7 52.Rf1 Nc5 53.Rf7+ Kc8 54.Rf8+ Kd7 55.Rf7+ Kc8 56.Rxb7 Kxb7 57.Ke3 Nde6
58.Nd5 Kc6 59.Nf6 h6 60.h4 Nd8 61.Ng8 Nf7 62.Ne7+ Kd7 63.Nxg6 Ke6 64.g4 Kf6
65.Nf4 Nd7 66.Nd5+ Ke6 67.Kf3 Nf6 68.Nxf6 Kxf6 69.Bd2 Kg6 70.Bb4 Kf6 71.Ke2 Ke6
72.Kd3 Ke7 73.Bd2 Kf6 74.Bxh6  1-0

[Event "9th LGA Premium Cup"]
[Site "Nuernberg GER"]
[Date "2012.09.07"]
[Round "4.61"]
[White "Lais,T"]
[Black "Miller,Ed"]
[Result "0-1"]
[WhiteElo "1956"]
[BlackElo "2147"]

1.e4 g6 2.d4 Bg7 3.Nc3 c5 4.Nf3 cxd4 5.Nxd4 d6 6.Be3 Nf6 7.f3 a6 8.Qd2 Nbd7
9.O-O-O b5 10.Bh6 Bxh6 11.Qxh6 Bb7 12.Kb1 Rc8 13.h4 Rxc3 14.bxc3 Qc7 15.g4 d5
16.h5 dxe4 17.hxg6 fxg6 18.Ne6 Qe5 19.g5 Nd5 20.Bh3 Nxc3+ 21.Kc1 Nxa2+ 22.Kb1 Nc3+
23.Kc1 Nxd1 24.Rxd1 Qa1+ 25.Kd2 e3+ 26.Ke1 Qc3+  0-1

[Event "9th LGA Premium Cup"]
[Site "Nuernberg GER"]
[Date "2012.09.09"]
[Round "7.39"]
[White "Koepke,C"]
[Black "Miller,Ed"]
[Result "1-0"]
[WhiteElo "2364"]
[BlackElo "2147"]

1.e4 g6 2.d4 Bg7 3.Nc3 c5 4.Nf3 cxd4 5.Nxd4 d6 6.Be3 Nf6 7.f3 a6 8.Qd2 Nbd7
9.g4 b5 10.h4 h5 11.g5 Nh7 12.O-O-O Bb7 13.f4 Nc5 14.Bg2 e5 15.fxe5 Bxe5
16.Nf3 Ne6 17.Nxe5 dxe5 18.Nd5 O-O 19.Qc3 Qb8 20.Nb6 Nd4 21.Kb1  1-0

[Event "Skovbo GM Open 2012"]
[Site "Borup DEN"]
[Date "2012.09.22"]
[Round "7.20"]
[White "Kokholm,D"]
[Black "Hubka,R"]
[Result "1-0"]
[WhiteElo "1914"]
[BlackElo "2000"]

1.d4 g6 2.e4 Bg7 3.Nc3 c5 4.Nf3 cxd4 5.Nxd4 Qb6 6.Ndb5 a6 7.Nd5 Qa5+ 8.Bd2 Qa4
9.Nbc7+ Kf8 10.Nxa8 Qxe4+ 11.Be3 b5 12.Nab6 Bb7 13.Qd3 Qe5 14.c3 e6 15.f4 Qd6
16.Nb4 Qc7 17.a4 bxa4 18.Nxa4 a5 19.Bc5+ Ne7 20.Qd6 Qxd6 21.Bxd6 axb4 22.Bxb8 bxc3
23.Nxc3 Nf5 24.Ba7 Ke7 25.Rg1 Ra8 26.Bc5+ d6 27.Rxa8 Bxa8 28.Bf2 h5 29.Kd2 e5
30.Bc4 Bh6 31.g3 exf4 32.gxf4 Bxf4+ 33.Kc2 Bxh2 34.Ra1 Bg2 35.Ra7+ Kf6 36.Rxf7+ Ke5
37.Bd3 Bh3 38.b4 d5 39.Ne2 Nd6 40.Bd4+ Ke6 41.Rf6+  1-0

[Event "Skovbo GM Open 2012"]
[Site "Borup DEN"]
[Date "2012.09.22"]
[Round "8.28"]
[White "Jorgensen,Alexander Torp"]
[Black "Schmidt,Ho DEN"]
[Result "1-0"]
[WhiteElo "1584"]
[BlackElo "1863"]

1.e4 g6 2.d4 Bg7 3.Nc3 c5 4.d5 d6 5.f4 Nf6 6.e5 dxe5 7.fxe5 Ng4 8.e6 Nf6
9.Bb5+ Kf8 10.Bc4 a6 11.a4 Qd6 12.Nf3 fxe6 13.dxe6 Qxd1+ 14.Kxd1 Nc6 15.a5 Nd4
16.Nxd4 cxd4 17.Ne2 Ng4 18.Rf1+ Ke8 19.Rf7 Bf6 20.Bf4 g5 21.h3 Nf2+ 22.Ke1 Ne4
23.Bc7 Nc5 24.Rxf6 exf6 25.Nxd4 h5 26.Ra3 f5 27.b4 Ne4 28.Nxf5 Rh7 29.Bb6 g4
30.Rd3 Bd7 31.exd7+ Rxd7 32.Re3 Kf8 33.Rxe4 Re8 34.Bc5+  1-0

[Event "Tatry Open 2012"]
[Site "Tatranske Zruby SVK"]
[Date "2012.09.29"]
[Round "8.16"]
[White "Framberk,J"]
[Black "Sejkora,V"]
[Result "1/2-1/2"]
[WhiteElo "1971"]
[BlackElo "2207"]

1.e4 g6 2.d4 Bg7 3.Nc3 c5 4.Nf3 cxd4 5.Nxd4 Nc6 6.Be3 d6 7.Qd2 Nf6 8.f3 O-O
9.Bc4 Bd7 10.O-O-O a6 11.h4 h5 12.g4 Rc8 13.Bb3 Ne5 14.gxh5 Nxh5 15.Bh6 Nc4
16.Bxc4 Rxc4 17.Bxg7 Kxg7 18.Rdg1 Rh8 19.Nde2 Be6 20.f4 f5 21.exf5 Bxf5 22.Qd5 Rc5
23.Qxb7 Qc7 24.Qxc7 Rxc7 25.Nd4 Rc5 26.Nce2 Kf7 27.Nxf5 Rxf5 28.Rg5 e5 29.fxe5 dxe5
30.Rd1 Nf6 31.Ng3 Rf3 32.Rd3 e4 33.Rxf3 exf3 34.h5 Nxh5 35.Nxh5 f2 36.Ng3 Rh3
37.Rg4 Rxg3 38.Rf4+ Ke6 39.Rxf2 Ke5 40.Kd2 g5 41.Ke2 Rg1 42.Rf8 Rg2+ 43.Rf2 Rg1
44.Rf8 Rg2+ 45.Kd3 Rg3+ 46.Kc4 Rg2 47.Kb3 g4  1/2-1/2

[Event "TCh-AUT 2 East 2012-13"]
[Site "Austria AUT"]
[Date "2012.10.06"]
[Round "1.4"]
[White "Wilke,W"]
[Black "Alvir,A"]
[Result "0-1"]
[WhiteElo "2249"]
[BlackElo "2345"]

1.e4 g6 2.d4 Bg7 3.Nc3 c5 4.d5 d6 5.a4 Nf6 6.Be2 O-O 7.Nf3 e6 8.O-O exd5
9.exd5 Na6 10.Nb5 Ne8 11.c3 Nac7 12.Bg5 Bf6 13.Bh6 Ng7 14.Qd2 Nxb5 15.axb5 Re8
16.Bd3 Bg4 17.Qf4 Bxf3 18.Qxf3 Bg5 19.Bxg5 Qxg5 20.Rfd1 b6 21.g3 Re5 22.Re1 Rxe1+
23.Rxe1 Re8 24.Rxe8+ Nxe8 25.Qe2 Qc1+ 26.Kg2 Kf8 27.c4 Qg5 28.h4 Qf6 29.h5 Qd4
30.hxg6 hxg6 31.b3 Nf6 32.Bc2 Nd7 33.Qe4 Qb2 34.Bd1 Ne5 35.Qc2 Qd4 36.Be2 Qa1
37.f4 Nd7 38.Qd2 Qb1 39.Qc3 Qa2 40.Kf2 Kg8 41.g4 g5 42.Qe3 Kf8 43.f5 Qb2
44.Qxg5 Qd4+ 45.Qe3 Qh8 46.Kg3 Ne5 47.Qg5 f6 48.Qh4 Qg7 49.Kf4 Nf7 50.Qh5 Ng5
51.Bf3 Ke7 52.Kg3 Kd8 53.Qh2 Nf7 54.Qd2 Ne5 55.Qe3 Qh7 56.Qf4 Kd7 57.g5 fxg5
58.Qxg5 Qh2+  0-1

[Event "TCh-AUT 2 East 2012-13"]
[Site "Austria AUT"]
[Date "2012.10.07"]
[Round "2.6"]
[White "Dragnev,Valentin"]
[Black "Reitgruber,D"]
[Result "0-1"]
[WhiteElo "1890"]
[BlackElo "1945"]

1.e4 g6 2.d4 Bg7 3.Nc3 c5 4.Nf3 cxd4 5.Nxd4 Nc6 6.Be3 d6 7.Qd2 Bd7 8.Bc4 Rc8
9.Bb3 Nf6 10.f3 O-O 11.h4 Na5 12.h5 Nc4 13.Bxc4 Rxc4 14.O-O-O Qa5 15.Nde2 Nxh5
16.g4 Ng3 17.Nxg3 Rxc3 18.Bd4 Bxd4 19.Qxd4 Rxf3 20.Rxh7 Qg5+ 21.Kb1 e5 22.Qg1 Kxh7
23.Qh1+ Kg8 24.Qxf3 Bxg4  0-1

[Event "4th Sant Marti IM"]
[Site "Barcelona ESP"]
[Date "2012.10.13"]
[Round "3.4"]
[White "Nunez Lucero,F"]
[Black "Rojas Keim,L"]
[Result "0-1"]
[WhiteElo "2186"]
[BlackElo "2390"]

1.e4 g6 2.d4 Bg7 3.Nc3 c5 4.d5 d6 5.Bb5+ Bd7 6.Be2 Nf6 7.a4 O-O 8.g4 e6 9.g5 Ne8
10.h4 exd5 11.Nxd5 Nc6 12.h5 Nc7 13.hxg6 hxg6 14.Nf6+ Bxf6 15.gxf6 Qxf6 16.Ra3 Nd4
17.Rg3 Rfe8 18.Bg5 Qe5 19.Rh4 Nce6 20.f4 Qxe4 21.Bf6 Ng7 22.f5 Qxf5 23.Rgh3 Nh5
24.Rxh5 Qxf6 25.Rh8+ Qxh8 26.Rxh8+ Kxh8 27.Kf2 Re6 28.c3 Rf6+ 29.Kg2 Bc6+
30.Kg3 Nxe2+ 31.Qxe2 Re8 32.Qd2 Kg7 33.Nh3 Rf3+ 34.Kh2 Rh8  0-1

[Event "17th European Club Cup w"]
[Site "Eilat ISR"]
[Date "2012.10.16"]
[Round "6.2"]
[White "Federovski,Adi"]
[Black "Skripchenko,A"]
[Result "0-1"]
[WhiteElo "1829"]
[BlackElo "2437"]

1.e4 g6 2.Nc3 Bg7 3.d4 c5 4.dxc5 Qa5 5.Bd2 Qxc5 6.Nf3 Nf6 7.Bd3 d6 8.O-O O-O
9.h3 b6 10.Be3 Qc7 11.Qd2 Bb7 12.Bh6 Nbd7 13.Bxg7 Kxg7 14.Kh1 a6 15.a4 Nc5
16.Rfe1 e5 17.Nh4 Ne6 18.Bf1 Qe7 19.Nf3 Nc5 20.Nd5 Bxd5 21.exd5 Nfe4 22.Qe2 f5
23.c4 a5 24.Ra3 Qd7 25.Qc2 h6 26.Kg1 Rac8 27.Nh2 Nf6 28.g4 fxg4 29.hxg4 Nh7
30.g5 Nxg5 31.Ree3 Rf4 32.Bg2 Rcf8 33.Re2 Qf5 34.Nf1 Qxc2 35.Rxc2 h5 36.Rg3 Kh6
37.Nh2 Nxa4 38.Bf1 Nc5 39.Ra3 Nge4 40.f3 Ng5 41.Be2 e4 42.fxe4 Ngxe4 43.Bf1 g5  0-1

[Event "16th Unive Open"]
[Site "Hoogeveen NED"]
[Date "2012.10.19"]
[Round "1"]
[White "Kasparova,T"]
[Black "Van Delft,M"]
[Result "0-1"]
[WhiteElo "2126"]
[BlackElo "2395"]

1.e4 g6 2.d4 Bg7 3.Nc3 a6 4.a4 b6 5.Be3 Bb7 6.f3 d6 7.Bc4 e6 8.Nge2 Ne7 9.O-O d5
10.exd5 exd5 11.Bb3 Nf5 12.Bf2 O-O 13.Ng3 Ne7 14.Nce2 Nbc6 15.c3 Na5 16.Bc2 h5
17.Re1 Nc4 18.b3 Nd6 19.Qd3 Bc8 20.Nf1 Nef5 21.Neg3 a5 22.Ne3 Nxe3 23.Bxe3 h4
24.Nf1 h3 25.g3 Bf5 26.Qd2 Bxc2 27.Qxc2 Nf5 28.Bf2 Rc8 29.Ne3 Nxe3 30.Bxe3 c5
31.Qd2 Re8 32.Bg5 Qd7 33.Rxe8+ Rxe8 34.Be3 Qf5 35.Rf1 cxd4 36.Bxd4 Bxd4+
37.cxd4 Rc8 38.g4 Qc2 39.Qxc2 Rxc2 40.Rb1 Rg2+ 41.Kh1 Rf2 42.Kg1 Rxf3 43.b4 Rf4
44.bxa5 bxa5 45.Rb5 Rxd4 46.Rxa5 Rxg4+ 47.Kh1 Rd4 48.Kg1 Rd2 49.Rb5 Rg2+
50.Kh1 Ra2 51.Kg1 Rxa4 52.Rxd5 Rg4+  0-1

[Event "Spice Cup Open"]
[Site "Saint Louis USA"]
[Date "2012.10.19"]
[Round "8"]
[White "Robson,R"]
[Black "Leon Hoyos,M"]
[Result "1-0"]
[WhiteElo "2602"]
[BlackElo "2603"]

1.e4 g6 2.d4 Bg7 3.Nc3 a6 4.f4 b5 5.Nf3 Bb7 6.Bd3 b4 7.Ne2 d6 8.O-O Nd7 9.a3 bxa3
10.Rxa3 e6 11.f5 exf5 12.exf5 Ngf6 13.Bg5 O-O 14.fxg6 hxg6 15.Ng3 c5 16.Nh4 cxd4
17.Ngf5 gxf5 18.Nxf5 Re8 19.Nxg7 Kxg7 20.Bf5 d3 21.Rxd3 Qb6+ 22.Kh1 Bxg2+
23.Kxg2 Qb7+ 24.Kg1 Qa7+ 25.Kh1 Qb7+ 26.Kg1 Qa7+ 27.Rf2 Re5 28.Rg3 Qxf2+
29.Kxf2 Rxf5+ 30.Kg2 Ne4 31.Qd4+ Re5 32.Rg4 f5 33.Rxe4 fxe4 34.Bf4 Nf6 35.Bxe5 dxe5
36.Qxe5 Re8 37.Qg3+ Kf7 38.Kf2 Re5 39.Ke2 Ke6 40.c4 a5 41.Ke3 Rf5 42.Kd4 Rf3
43.Qe5+ Kf7 44.c5 Rb3 45.c6 Rxb2 46.c7 Rc2 47.Qc5 Rxc5 48.Kxc5  1-0

[Event "Spice Cup Open"]
[Site "Saint Louis USA"]
[Date "2012.10.19"]
[Round "9"]
[White "Schneider,Ve"]
[Black "Priyadharshan,K"]
[Result "1/2-1/2"]
[WhiteElo "2313"]
[BlackElo "2407"]

1.e4 g6 2.d4 Bg7 3.Nc3 d5 4.exd5 Nf6 5.Bb5+ Nbd7 6.Nge2 O-O 7.Bxd7 Qxd7 8.Nf4 b5
9.a3 Bb7 10.O-O Nxd5 11.Ncxd5 Bxd5 12.Nxd5 Qxd5 13.c3 c5 14.dxc5 Qxc5 15.Qf3 a5
16.Be3 Qc4 17.Rad1 b4 18.axb4 axb4 19.cxb4 Qxb4 20.Rd7 Rab8 21.b3 Rfd8 22.Qd5 Rxd7
23.Qxd7 e6 24.Rc1 Bb2 25.Rd1 Qxb3 26.g3 Bf6 27.Bh6 Qb6 28.Be3 Qb5 29.Qc7 Qb7
30.Qf4 Bc3 31.Rc1 Rc8 32.Bd4 Bxd4 33.Rxc8+ Qxc8 34.Qxd4 Qc1+ 35.Kg2 Qc6+
36.Kg1 Qd5 37.Qc3 h5 38.h4 e5 39.Qe3 Kg7 40.Qg5 Qd1+ 41.Kg2 Qe2 42.Qe7 Qe4+
43.Kg1 Qf5 44.Qc5 Qb1+ 45.Kg2 Qe4+ 46.Kg1 Qd4 47.Qe7 Qd5 48.Qg5 Qe6 49.Qe3 Qd6
50.Qg5 Qd1+ 51.Kg2 Qd5+ 52.Kg1 Qd6 53.Qe3 Kf6 54.Qh6 Qd1+ 55.Kg2 Qd5+ 56.Kg1 Ke6
57.Qg5 Qe4 58.Qc1 Qd5 59.Qc8+ Kf6 60.Qc1 Ke7 61.Qc7+ Kf8 62.Qc8+ Kg7 63.Qc1 Qf3
64.Qd2 Qf6 65.Qe3 Qf5 66.Qc1 Qe4 67.Qd2 Qc6 68.Qe3 Kf6 69.Qg5+ Ke6 70.Qd2 f6
71.Qe3 Qb5 72.Qc1 Kd6 73.Qc2 f5 74.Qd2+ Ke6 75.Qc2 Kf6 76.Qd2 Qb1+ 77.Kh2 Qb6
78.Kg1 Qe6 79.Qg5+ Kf7 80.Qc1 Qd6 81.Qc4+ Kf6 82.Qc1 f4 83.gxf4 exf4 84.Qc3+ Kf5
85.Qh3+ Ke4 86.Qb3 Qf6 87.Qc2+ Ke5 88.Qc5+ Ke6 89.Qc6+ Ke7 90.Qc7+ Kf8 91.Qc8+ Kg7
92.Qh3 Qc6 93.Qd3 Qf6 94.Qh3 Qe5 95.Qf3 Kh6 96.Kg2 Qf6 97.Qh3 Qd8 98.Kh2 Kh7
99.f3 Qd1 100.Qe6 Kh6 101.Qe5 Qd2+ 102.Kh3 Qd7+ 103.Kh2  1/2-1/2

[Event "TCh-FIN SM 2012-13"]
[Site "Joensuu FIN"]
[Date "2012.10.27"]
[Round "4.7"]
[White "Kosmo,S"]
[Black "Porrasmaa,T"]
[Result "1-0"]
[WhiteElo "2208"]
[BlackElo "2048"]

1.e4 g6 2.d4 Bg7 3.Nc3 c5 4.Nf3 Qa5 5.Be3 Nf6 6.Qd2 cxd4 7.Nxd4 Nc6 8.f3 d6
9.O-O-O Bd7 10.g4 Rc8 11.h4 Nb4 12.Kb1 Rxc3 13.Qxc3 Qxa2+ 14.Kc1 Qa5 15.Kd2 O-O
16.Qa3 Qxa3 17.bxa3 Nc6 18.c3 b6 19.h5 Ne5 20.h6 Bh8 21.Rb1 Nxf3+ 22.Nxf3 Nxe4+
23.Kd3 Nxc3 24.Rc1 Bxg4 25.Nd4 Nd5 26.Bg2 Nxe3 27.Kxe3 Bf6 28.Rc7 e5 29.Nb5 Bg5+
30.Kf2 Be6 31.Nxd6 f5 32.Bf1 Rd8 33.Rg7+ Kf8 34.Nc4 e4 35.Rxh7 e3+ 36.Nxe3 Rd2+
37.Kf3 Bf6 38.Bc4 Bxc4 39.Nxc4 Rd4 40.Ne3 g5 41.Rc1  1-0

[Event "Chigorin Memorial"]
[Site "St Petersburg RUS"]
[Date "2012.10.30"]
[Round "4.127"]
[White "Puzko,Danila"]
[Black "Pogosian,Vl"]
[Result "1/2-1/2"]
[WhiteElo "1957"]
[BlackElo "2143"]

1.e4 g6 2.d4 Bg7 3.Nc3 c5 4.Be3 Qa5 5.Nf3 Nc6 6.Qd2 cxd4 7.Nxd4 Nf6 8.f3 Nxd4
9.Bxd4 O-O 10.O-O-O d6 11.Kb1 e5 12.Be3 Be6 13.g4 b5 14.Nd5 Qa6 15.h4 Bxd5
16.exd5 Rac8 17.Qb4 Rb8 18.Be2 Rfe8 19.h5 Re7 20.hxg6 fxg6 21.g5 Nh5 22.Bd3 Bf8
23.Qg4 Qc8 24.Qxc8 Rxc8 25.c3 a6 26.Rh3 Rf7 27.Rdh1 Rfc7 28.Be4 Rb7 29.b3 Rbc7
30.Kb2 a5 31.Rf1 Nf4 32.Rh2 Rb8 33.Rg1 Be7 34.Bxf4 exf4 35.Rhg2 Bf8 36.Rc2 Bg7
37.Kb1 a4 38.b4 Bf8 39.Kb2 Re7 40.a3 Re5 41.Re2 Ra8 42.Rd2 Be7 43.Rdg2 Bd8
44.Rg4 Bb6 45.Rh1 Bf2 46.Rxf4 Rxg5 47.Rf6 Rg2 48.Bc2 Bg3 49.f4 Rd8 50.f5 Be5
51.Re6 gxf5 52.Reh6 Rc8 53.R1h3 Rxc3 54.Rxc3 Rg3 55.Rxd6 Bxc3+ 56.Kc1 Rg1+
57.Bd1 Rg2 58.Bc2 Be5 59.Re6 Bf4+ 60.Kb2 Kf7 61.Rb6 h5 62.Rxb5 h4 63.d6 Ke6
64.d7 Bg5 65.Kc3 Bf6+ 66.Kd3 Bg5 67.Bxa4 h3 68.Rb6+ Ke7 69.Bc6 Rd2+ 70.Kc4 h2
71.Kb5 Rxd7 72.Rb7 Rxb7+ 73.Bxb7 Kd6 74.Ka6 Bc1 75.a4 Bd2 76.b5 Kc5 77.a5 Bf4
78.Bc6 Kb4 79.b6 Be5 80.b7 Bc7 81.Bf3 Ka4 82.Bc6+  1/2-1/2

[Event "Venetian Autumn Masters 2012"]
[Site "Venice ITA"]
[Date "2012.11.02"]
[Round "2.3"]
[White "Basso,Pier Luigi"]
[Black "Srebrnic,V"]
[Result "1-0"]
[WhiteElo "2131"]
[BlackElo "2220"]

1.e4 g6 2.d4 Bg7 3.Nc3 c5 4.d5 d6 5.Nf3 Nf6 6.Bd3 Bg4 7.h3 Bxf3 8.Qxf3 O-O
9.O-O Nbd7 10.Qe2 Ne5 11.f4 Nxd3 12.Qxd3 Nd7 13.Re1 Rb8 14.a4 a6 15.a5 Qc7
16.Be3 b5 17.axb6 Rxb6 18.Rxa6 Rxb2 19.Rea1 Rfb8 20.Ra7 R2b7 21.R7a6 Rb4
22.Ra7 Qd8 23.R1a4 Bd4 24.Bxd4 cxd4 25.Rxb4 Rxb4 26.Ne2 Nc5 27.Qa3 Rb1+ 28.Kh2 Nxe4
29.Nxd4 Qb6 30.Ra8+ Kg7 31.Qe3 Qb7 32.Ra7 Qxa7 33.Ne6+ fxe6 34.Qxa7 Kf6 35.Qd4+ Kf5
36.Qg7 Rb7 37.Qf7+ Nf6 38.Qxe6+ Kxf4 39.Qe2 Ne4 40.Qg4+ Ke3 41.Qc8 Rb5 42.Qe6 g5
43.Qxe7 Rxd5 44.Qxh7 Rc5 45.Qh6 Kd4 46.Qg7+ Ke3 47.Qb2 d5 48.h4 gxh4 49.Kh3 Rc6
50.Qc1+ Ke2 51.Kxh4 Rg6 52.c4 d4 53.Qf4 Nf2 54.Qxd4 Rxg2 55.c5 Kf3 56.Qf6+ Ke3
57.c6 Rh2+ 58.Kg3 Rh3+ 59.Kg2  1-0

[Event "16th OIBM 2012"]
[Site "Bad Wiessee GER"]
[Date "2012.11.04"]
[Round "9.11"]
[White "Singer,C"]
[Black "Chernyshov,K"]
[Result "1/2-1/2"]
[WhiteElo "2325"]
[BlackElo "2532"]

1.e4 g6 2.d4 Bg7 3.Nc3 a6 4.a4 d6 5.g3 Nf6 6.Bg2 O-O 7.Nge2 Nbd7 8.h3 Rb8
9.a5 b6 10.axb6 c5 11.dxc5 Nxc5 12.e5 dxe5 13.Qxd8 Rxd8 14.Be3 Ne6 15.O-O Kf8
16.Rfd1 Nd7 17.Na4 f5 18.Bd5 Nd4 19.Nxd4 exd4 20.Bxd4 Bxd4 21.Rxd4 Nxb6 22.Rb4 Rxd5
23.Nxb6 Rb5 24.Rxb5 axb5 25.Nxc8 Rxc8 26.c3 Kf7 27.Ra7 g5 28.Rb7 Rc5 29.Kf1 Re5
30.Rb6 Kg7 31.Kg2 h5 32.Kf3 e6 33.Kg2 Kf6 34.Rb8 Rd5 35.Kf3 Ke5 36.Ke2 g4
37.hxg4 hxg4 38.Ke3 Kf6 39.Rf8+ Ke7 40.Rb8 Kd7 41.Rb6 Re5+ 42.Kd3 Kc7 43.Ra6 Re1
44.b4 Kb7 45.Ra5 Rd1+ 46.Ke2 Rd5 47.Ke3 Kb6 48.Ra8 Re5+ 49.Kd3 Rd5+ 50.Ke3 Kc7
51.Ra6 Kd7 52.Rb6 Ke7 53.Rb8 Kf7 54.Rb7+ Kg6 55.Rb8 Kg5 56.Rg8+ Kf6 57.Rb8 Ke7
58.Rb6 Kd7 59.Ra6 Rd6 60.Rxd6+ Kxd6 61.c4 bxc4 62.Kd4 c3 63.Kxc3 Kd5 64.Kd3 e5
65.Kc3 f4 66.gxf4 exf4 67.Kd3  1/2-1/2

[Event "TCh-ESP CECLUB Div Honor 2012"]
[Site "Leon ESP"]
[Date "2012.11.08"]
[Round "4.2"]
[White "Garcia Ortega Mendez,J"]
[Black "Hernando Pertierra,J"]
[Result "1-0"]
[WhiteElo "2307"]
[BlackElo "2375"]

1.e4 g6 2.d4 Bg7 3.Nc3 c5 4.Nge2 b6 5.dxc5 bxc5 6.Qd5 Nc6 7.Qxc5 Ba6 8.Be3 Rc8
9.Qa3 Qa5 10.Qxa5 Nxa5 11.Bd4 Nf6 12.Nd5 Rxc2 13.Nb4 Bxe2 14.Nxc2 Bxf1 15.Rxf1 O-O
16.f3 Nc6 17.Bc3 d5 18.exd5 Nxd5 19.Bxg7 Kxg7 20.Kf2 e6 21.Rfd1 h5 22.Ne3 Nce7
23.Nxd5 Nxd5 24.Rac1 Rb8 25.b3 Rb7 26.Rd2 Kf6 27.Rc6 Ke7 28.Ra6 Rc7 29.a3 h4
30.b4 Nc3 31.Ra5 Nb1 32.Rb2 Nc3 33.Ke1 Nd5 34.Rc5 Rd7 35.Rd2 Kd6 36.Ke2 g5
37.Kd1 f5 38.Kc2 g4 39.fxg4 fxg4 40.Kb3 Rg7 41.Rc4 Ke5 42.Rd3 Kf5 43.g3 hxg3
44.hxg3 Nf6 45.Rf4+ Kg5 46.Re3 Nh5 47.Rfe4 Re7 48.Re5+  1-0

[Event "WY BU18 2012"]
[Site "Maribor SLO"]
[Date "2012.11.08"]
[Round "1"]
[White "Sofranov,V"]
[Black "Lagarde,Max"]
[Result "0-1"]
[WhiteElo "2191"]
[BlackElo "2501"]

1.d4 g6 2.e4 Bg7 3.Nc3 a6 4.a4 d6 5.Bc4 Nd7 6.Be3 e6 7.Qd2 h6 8.Nf3 Ne7 9.O-O b6
10.d5 e5 11.Ne1 f5 12.f3 f4 13.Bf2 g5 14.a5 b5 15.Be2 Nf6 16.Nd1 Ng6 17.c4 bxc4
18.Bxc4 h5 19.Rc1 g4 20.Qc2 Bh6 21.Bd3 g3 22.hxg3 fxg3 23.Bxg3 h4 24.Bh2 Bxc1
25.Qxc1 Nh5 26.f4 Ng3 27.f5 Nxf1 28.Bxf1 Nf8 29.Nf3 Rb8 30.Qc3 Rg8 31.Ne3 Nd7
32.b4 Nf6 33.Bd3 h3 34.Nxe5 dxe5 35.Bxe5 Nd7 36.Bxc7 Qg5 37.Bf1 Ra8 38.e5 Bb7
39.e6 hxg2 40.exd7+ Kxd7 41.Bxg2 Rac8 42.Qe5 Rxc7 43.Qe6+ Kd8 44.f6 Rc1+
45.Kf2 Qg3+ 46.Ke2 Qe1+ 47.Kd3 Rc3+  0-1

[Event "15th Mukachevo Rating 2012"]
[Site "Mukachevo UKR"]
[Date "2012.11.13"]
[Round "11.2"]
[White "Oros,R"]
[Black "Nesterov,Y"]
[Result "0-1"]
[WhiteElo "2236"]
[BlackElo "2448"]

1.e4 g6 2.d4 Bg7 3.Nc3 c5 4.dxc5 Qa5 5.Bd3 Qxc5 6.Nge2 d6 7.Be3 Qa5 8.O-O Nf6
9.Qd2 O-O 10.Nd5 Qd8 11.Nxf6+ Bxf6 12.Bd4 e5 13.Be3 Be6 14.f4 exf4 15.Nxf4 Nc6
16.Nxe6 fxe6 17.Bc4 Qd7 18.Rad1 Be5 19.Bb3 Rxf1+ 20.Rxf1 Rf8 21.Rxf8+ Kxf8
22.Bf4 Bxf4 23.Qxf4+ Kg7 24.Qd2 Qe7 25.h3 Ne5 26.Qf2 b6 27.Kh2 h5 28.Qd2 h4
29.Kg1 g5 30.Kf1 Qf6+ 31.Qf2 Nd7 32.Ke2 Qe5 33.Qf3 Nc5 34.Qc3 Qxc3 35.bxc3 Kf6
36.Ke3 Ke5 37.Bc4 Nxe4 38.Bxe6 Nxc3  0-1

[Event "WY BU18 2012"]
[Site "Maribor SLO"]
[Date "2012.11.14"]
[Round "7.11"]
[White "Tomazini,Z"]
[Black "Kadric,D"]
[Result "0-1"]
[WhiteElo "2368"]
[BlackElo "2459"]

1.e4 g6 2.d4 Bg7 3.Nc3 a6 4.f4 d5 5.Nxd5 e6 6.Nc3 Qxd4 7.Qf3 Qb6 8.Bd3 Nc6
9.e5 f6 10.exf6 Nxf6 11.Nge2 e5 12.Be3 Nd4 13.Qg3 Ng4 14.Bd2 O-O 15.h3 Nxe2
16.Nxe2 exf4 17.Bxf4 Qxb2 18.O-O Qb6+ 19.Kh1 Bxa1 20.Rxa1 Nf2+ 21.Kh2 Nxd3
22.cxd3 Qb2 23.Re1 Re8 24.Nc3 Bxh3 25.Ne4 Bf5 26.Ng5 Rxe1 27.Qxe1 Qg7 28.Qb4 Re8
29.Qc4+ Be6 30.Nxe6 Qf7 31.Nxc7 Qxc4 32.dxc4 Re4 33.Bd6 Rxc4 34.Nd5 Rd4 35.Nf6+ Kf7
36.Be5 Ra4 37.Nxh7 Rh4+  0-1

[Event "WY BU14 2012"]
[Site "Maribor SLO"]
[Date "2012.11.15"]
[Round "8.33"]
[White "Baskin,R"]
[Black "Aguilar,Luis Miguel"]
[Result "1-0"]
[WhiteElo "2071"]
[BlackElo "1882"]

1.e4 g6 2.d4 Bg7 3.Nc3 c5 4.Nf3 cxd4 5.Nxd4 Nc6 6.Nb3 Nf6 7.Be2 O-O 8.O-O d6
9.Bg5 a6 10.f4 b5 11.Bf3 Bb7 12.Nd5 Nxd5 13.exd5 Na5 14.c3 Nc4 15.Qe2 Re8
16.Kh1 Qc7 17.a4 e6 18.axb5 exd5 19.Qf2 axb5 20.f5 h6 21.Bh4 g5 22.Bg3 Qd7
23.f6 Bh8 24.Rxa8 Rxa8 25.Nd4 Ra2 26.Qe2 Bxf6 27.Bh5 Rxb2 28.Qf3 Nd2 29.Qxf6 Nxf1
30.Nf5 Qxf5 31.Qxf5 Ne3 32.Qxf7+ Kh8 33.Bg6 Rb1+ 34.Bxb1 Nc2 35.Qf8+ Kh7
36.Bxc2+  1-0